000 00673nam a2200205Ia 4500
003 GCL
008 140319s9999 xx 000 0 ara d
020 _a5215589977
040 _aGCL /
_cGCL
082 0 4 _a210
_bف ك
100 1 _aفيصل عبدالحليم اسماعيل
245 1 0 _aكنوز الاسلام /
_cفيصل عبدالحليم اسماعيل
250 _a1
260 _aالقاهرة :
_bالشركة المتحدة للطباعة والنشر ،
_c2003
300 _a215ص ؛
_c20سم
650 0 4 _aالاخلاق الاسلامية
650 0 4 _aالشريعة الاسلامية
650 0 4 _aانتشار الاسلام
942 _2ddc
_cBK
999 _c57618
_d57618